[Event "AUTO-OPEN-379"]
[Site "http://www.queenalice.com/game.php?id=184652"]
[Date "2007.3.19"]
[Round "2"]
[White "draconis1"]
[Black "mrshogi"]
[Result "1-0"]
[WhiteElo "2024"]
[BlackElo "1982"]

1. d4 Nf6 2. c4 g6 3. Nc3 Bg7 4. e4 d6 5. Be2 O-O 6. Bg5 c5 7. d5 h6 8. Bh4 Qa5
9. Qd2 a6 10. f4 Nbd7 11. Nf3 Qc7 12. O-O Rb8 13. Rae1 Re8 14. Bxf6 Bxf6 15. a4
Bg7 16. Bd3 b6 17. Qf2 Nf8 18. e5 Bd7 19. Nh4 b5 20. cxb5 axb5 21. e6 fxe6 22.
Qc2 c4 23. Bxg6 Rec8 24. dxe6 Nxe6 25. Kh1 Nd4 26. Bf7+ Kxf7 27. Qg6+ Kf8 28.
Rxe7 Kxe7 29. Qxg7+ Kd8 30. Qf6+ Ke8 31. Qh8+ Kf7 32. Qh7+ 1-0

[Event "AUTO-OPEN-379"]
[Site "http://www.queenalice.com/game.php?id=184659"]
[Date "2007.3.19"]
[Round "2"]
[White "draconis1"]
[Black "tehan"]
[Result "1-0"]
[WhiteElo "2008"]
[BlackElo "2014"]

1. d4 d5 2. c4 dxc4 3. Nc3 Nf6 4. Nf3 e6 5. e4 Bb4 6. e5 Nd5 7. Bd2 Nb6 8. a3
Be7 9. Be2 O-O 10. O-O c5 11. dxc5 Bxc5 12. Na4 Nxa4 13. Qxa4 b6 14. Rfd1 Qc7
15. Rac1 Bd7 16. Qxc4 Qb7 17. Bd3 Bc6 18. Bxh7+ Kxh7 19. Ng5+ Kg8 20. Qh4 Rd8
21. Qh7+ Kf8 22. Qh8+ Ke7 23. Qxg7 Be8 24. Qf6+ Kd7 25. Bb4+ Kc6 26. Qxd8 Nd7
27. Qe7 Kb5 28. Bxc5 bxc5 29. Nxf7 Kb6 30. Qxe6+ Qc6 31. Rd6 1-0

[Event "AUTO-OPEN-379"]
[Site "http://www.queenalice.com/game.php?id=184660"]
[Date "2007.3.19"]
[Round "2"]
[White "tehan"]
[Black "draconis1"]
[Result "1/2-1/2"]
[WhiteElo "2003"]
[BlackElo "1906"]

1. e4 c6 2. Nc3 d5 3. exd5 cxd5 4. d4 Nf6 5. h3 Nc6 6. Nf3 e6 7. Bd3 Bd6 8. O-O
O-O 9. Bg5 h6 10. Be3 a6 11. a3 Qc7 12. Qd2 Re8 13. Rfe1 e5 14. dxe5 Nxe5 15.
Be2 Ne4 16. Qxd5 Nxc3 17. bxc3 Be6 18. Qd2 Nc4 19. Bxc4 Bxc4 20. Nd4 Rad8 21.
Qc1 Bd5 22. Qb2 Bh2+ 23. Kh1 Be5 24. Rab1 Rd6 25. Bd2 Bxg2+ 26. Kxg2 Rg6+ 27.
Kf1 Qd7 28. Re3 b5 29. Qc1 Bxd4 30. Rxe8+ Qxe8 31. cxd4 Qe4 32. Be3 f5 33. Rb3
Qh1+ 34. Ke2 Rg1 35. Qd2 Ra1 36. Bf4 Qf1+ 37. Kf3 Qxh3+ 38. Bg3 Qh1+ 1/2-1/2

[Event "Challenge"]
[Site "http://www.queenalice.com/game.php?id=185102"]
[Date "2007.3.20"]
[Round "-"]
[White "draconis1"]
[Black "Dollar"]
[Result "1-0"]
[WhiteElo "1969"]
[BlackElo "1747"]

1. d4 d5 2. c4 e6 3. Nc3 Nf6 4. Nf3 Bb4 5. cxd5 exd5 6. Bg5 O-O 7. a3 Bxc3+ 8.
bxc3 c5 9. e3 Bg4 10. Rb1 b6 11. c4 dxc4 12. Bxc4 cxd4 13. Qxd4 Qxd4 14. Nxd4
Ne4 15. f3 Nxg5 16. Bd5 Bxf3 17. Nxf3 Nxf3+ 18. gxf3 Nd7 19. Bxa8 Rxa8 20. Kf2
f5 21. Rhd1 Nf6 22. Rbc1 Rb8 23. Rc7 a5 24. Ra7 h5 25. Rd6 h4 26. Ra6 b5 27.
Rxa5 b4 28. axb4 Rxb4 29. Ke2 Rb2+ 30. Rd2 Rxd2+ 31. Kxd2 g6 32. Ra4 g5 33. Ra5
Kg7 34. Rxf5 Kg6 35. Ra5 h3 36. Ke2 g4 37. Kf2 gxf3 38. Kxf3 Nd7 39. Kg3 Nf6 40.
Kxh3 Ne4 41. Kg4 Nf2+ 42. Kf3 Nh3 43. Kg3 Ng1 44. h4 Ne2+ 45. Kg4 Nc3 46. Rg5+
Kh6 47. Kf3 Na4 48. e4 Nb6 49. Kf4 Nd7 50. e5 Nf8 51. Kf5 Nh7 52. e6 Nxg5 53.
hxg5+ Kg7 54. g6 1-0

[Event "Challenge"]
[Site "http://www.queenalice.com/game.php?id=195738"]
[Date "2007.4.12"]
[Round "-"]
[White "draconis1"]
[Black "corinthians2"]
[Result "0-1"]
[WhiteElo "1957"]
[BlackElo "2085"]

1. d4 Nf6 2. c4 e6 3. Nc3 Bb4 4. Nf3 b6 5. Qb3 Bxc3+ 6. Qxc3 Bb7 7. g3 d6 8. Bg2
Nbd7 9. O-O Qe7 10. Bf4 O-O 11. Rad1 Rfe8 12. Rfe1 Ne4 13. Qc2 f5 14. d5 e5 15.
Be3 Ndf6 16. Ng5 Nxg5 0-1

[Event "AUTO-ADV-566"]
[Site "http://www.queenalice.com/game.php?id=241495"]
[Date "2007.7.17"]
[Round "1"]
[White "adrianabarros123"]
[Black "draconis1"]
[Result "1-0"]
[WhiteElo "1944"]
[BlackElo "1933"]

1. e4 Nc6 2. d4 d6 3. Nf3 Nf6 4. Nc3 e6 5. Bb5 Bd7 6. e5 Nd5 7. Nxd5 exd5 8. O-O
Be7 9. exd6 cxd6 10. Re1 O-O 11. c3 h6 12. Qb3 Be6 13. Bd3 Qd7 14. Bf4 Rac8 15.
h3 Rfe8 16. Rad1 g5 17. Bh2 Kg7 18. Re2 h5 19. Rde1 g4 20. hxg4 hxg4 21. Nd2 Bg5
22. Nf1 Rh8 23. Qa3 Rcd8 24. b4 b6 25. Bb5 Qc7 26. Bd3 Qd7 27. Bb5 Qc7 28. Qa4
Bd7 29. Qb3 Be6 30. Qd1 Bd7 31. Bd3 Kf8 32. b5 Na5 33. Ne3 Be6 34. Nf5 Nc4 35.
Bxc4 1-0

[Event "AUTO-ADV-566"]
[Site "http://www.queenalice.com/game.php?id=241496"]
[Date "2007.7.17"]
[Round "1"]
[White "draconis1"]
[Black "adrianabarros123"]
[Result "0-1"]
[WhiteElo "2038"]
[BlackElo "1917"]

1. d4 Nf6 2. c4 d6 3. Nc3 g6 4. Nf3 Bg7 5. e4 O-O 6. Be2 e5 7. Be3 Nc6 8. O-O
Ng4 9. Bg5 f6 10. Bh4 g5 11. h3 exd4 12. Nxd4 Nge5 13. Bg3 Nxd4 14. Qxd4 Be6 15.
Qd1 c6 16. Re1 a6 17. Qd2 Qe7 18. Rad1 Rad8 19. Qe3 Nxc4 20. Bxc4 Bxc4 21. Qd4
Qe6 22. Qb6 Rd7 23. b3 f5 24. exf5 Qxf5 25. Ne4 Bd5 26. Nxd6 Qc2 27. Qe3 Qg6 0-1

[Event "AUTO-ADV-566"]
[Site "http://www.queenalice.com/game.php?id=241511"]
[Date "2007.7.17"]
[Round "1"]
[White "ChrisDavison102"]
[Black "draconis1"]
[Result "0-1"]
[WhiteElo "1193"]
[BlackElo "2004"]

1. e4 Nc6 2. Nf3 d6 3. d4 Nf6 4. Nc3 e6 5. h3 d5 6. e5 Ne4 7. Be3 Bb4 8. Bd2 O-O
9. Nxe4 dxe4 10. Bxb4 Nxb4 11. Nh2 Qxd4 12. c3 Nd3+ 13. Bxd3 Qxd3 14. Qxd3 exd3
15. O-O-O Rd8 16. Rd2 b6 17. Rhd1 Ba6 18. Nf3 c5 0-1

[Event "AUTO-ADV-566"]
[Site "http://www.queenalice.com/game.php?id=241512"]
[Date "2007.7.17"]
[Round "1"]
[White "draconis1"]
[Black "ChrisDavison102"]
[Result "1-0"]
[WhiteElo "2006"]
[BlackElo "1191"]

1. d4 Nf6 2. c4 g6 3. Nc3 Bg7 4. e4 d6 5. Be2 O-O 6. Bg5 c6 7. Nf3 h6 8. Be3 Bg4
9. O-O Nbd7 10. Qd2 Rc8 11. Bxh6 c5 12. Bxg7 Kxg7 13. Rad1 a6 14. h3 Bxf3 15.
Bxf3 cxd4 16. Qxd4 Ne5 17. Be2 Qc7 18. b3 1-0

[Event "AUTO-ADV-566"]
[Site "http://www.queenalice.com/game.php?id=241523"]
[Date "2007.7.17"]
[Round "1"]
[White "draconis1"]
[Black "CampbellMarcel"]
[Result "1-0"]
[WhiteElo "2002"]
[BlackElo "432"]

1. d4 d6 2. c4 Nf6 3. Nc3 a6 4. e4 e5 5. Nf3 Nbd7 6. Be2 c5 7. d5 g6 8. O-O Bg7
9. Be3 b6 10. Qd2 O-O 11. Bg5 Qe8 12. Rfe1 Nh5 13. Bd1 f6 14. Be3 1-0

[Event "AUTO-ADV-566"]
[Site "http://www.queenalice.com/game.php?id=241524"]
[Date "2007.7.17"]
[Round "1"]
[White "CampbellMarcel"]
[Black "draconis1"]
[Result "0-1"]
[WhiteElo "468"]
[BlackElo "2000"]

1. e4 Nc6 2. Bb5 a6 3. Bxc6 dxc6 4. d4 c5 5. d5 e6 6. c4 c6 7. Nc3 cxd5 8. exd5
Nf6 9. Bg5 Be7 10. Qa4+ b5 11. cxb5 exd5 12. O-O-O d4 13. Bxf6 Bxf6 14. Re1+ Be7
15. Ne4 O-O 16. bxa6 Rxa6 17. Qb3 Be6 18. Qb7 Rxa2 19. Nxc5 Bxc5 0-1

[Event "AUTO-ADV-270"]
[Site "http://www.queenalice.com/game.php?id=249916"]
[Date "2007.8.2"]
[Round "2"]
[White "gustavoarbulu"]
[Black "draconis1"]
[Result "0-1"]
[WhiteElo "1914"]
[BlackElo "1980"]

1. e4 Nc6 2. d4 e5 3. Nf3 d6 4. dxe5 Nxe5 5. Nxe5 dxe5 6. Qxd8+ Kxd8 7. Bc4 Nf6
8. Nc3 Bb4 9. Bd2 Ke7 10. O-O-O Be6 11. Bxe6 Kxe6 12. f3 Rhd8 13. a3 Ba5 14. b4
Bb6 15. Na4 Nd7 16. c4 Bd4 0-1

[Event "AUTO-ADV-270"]
[Site "http://www.queenalice.com/game.php?id=249917"]
[Date "2007.8.2"]
[Round "2"]
[White "draconis1"]
[Black "gustavoarbulu"]
[Result "1-0"]
[WhiteElo "1965"]
[BlackElo "1929"]

1. d4 Nf6 2. c4 c5 3. e3 g6 4. Nf3 Bg7 5. Nc3 O-O 6. Bd3 d6 7. O-O Nbd7 8. Re1
cxd4 9. exd4 Re8 10. Bg5 e5 11. Qd2 b6 12. Nb5 Nf8 13. Nxd6 Qxd6 14. dxe5 Qc7
15. exf6 1-0

[Event "AUTO-INT-196"]
[Site "http://www.queenalice.com/game.php?id=271706"]
[Date "2007.9.14"]
[Round "2"]
[White "sissov"]
[Black "draconis1"]
[Result "1-0"]
[WhiteElo "1546"]
[BlackElo "1963"]

1. c4 c5 2. e4 e5 3. Nf3 Nc6 4. d3 Nf6 5. Bg5 Be7 6. Bxf6 Bxf6 7. g3 O-O 8. Bg2
Qa5+ 9. Nc3 Qb4 10. Qc2 Nd4 11. Qd2 1-0

[Event "AUTO-INT-196"]
[Site "http://www.queenalice.com/game.php?id=271707"]
[Date "2007.9.14"]
[Round "2"]
[White "draconis1"]
[Black "sissov"]
[Result "0-1"]
[WhiteElo "1993"]
[BlackElo "1516"]

1. d4 d5 2. c4 g6 3. Nc3 dxc4 4. Nf3 Bg7 5. e3 Be6 6. Qa4+ c6 7. Bxc4 Bxc4 8.
Qxc4 e6 9. O-O Ne7 10. Qb4 Qc7 11. Ne4 O-O 0-1

[Event "AUTO-INT-196"]
[Site "http://www.queenalice.com/game.php?id=271710"]
[Date "2007.9.14"]
[Round "2"]
[White "rsgaspar"]
[Black "draconis1"]
[Result "1-0"]
[WhiteElo "1774"]
[BlackElo "1990"]

1. e4 Nc6 2. Nf3 e5 3. Bc4 d6 4. h3 Be7 5. a3 Nf6 6. d3 O-O 7. Nc3 Be6 8. Bxe6
fxe6 9. Be3 d5 10. exd5 exd5 11. Bd2 Qd7 12. b4 Qf5 13. Nh4 Qe6 14. Qe2 Nd4 15.
Qd1 a5 16. bxa5 Nd7 17. Nf3 Nxf3+ 18. gxf3 Rxa5 19. Qc1 Rxf3 20. Ne4 1-0

[Event "AUTO-INT-196"]
[Site "http://www.queenalice.com/game.php?id=271711"]
[Date "2007.9.14"]
[Round "2"]
[White "draconis1"]
[Black "rsgaspar"]
[Result "0-1"]
[WhiteElo "2017"]
[BlackElo "1747"]

1. d4 d5 2. c4 c6 3. Nc3 e6 4. Nf3 h6 5. e3 Nf6 6. Bd3 Bb4 7. O-O Nbd7 8. Bd2
dxc4 9. Bxc4 b5 10. Bd3 Nb6 11. a3 Bd6 12. e4 Be7 13. a4 b4 14. Ne2 a5 15. Qc2
Bb7 16. Nc1 Rc8 17. Nb3 Nbd7 18. Nc5 Nxc5 19. dxc5 Bxc5 0-1